Catálogo

LINGUISTIC PERSPECTIVES ON SECOND LANGUAGE ACQUISITION (Registro nro. 22312)

Detalles MARC
000 -LEADER
fixed length control field 00449nam a2200157 a 4500
001 - CONTROL NUMBER
control field 22312
005 - DATE AND TIME OF LATEST TRANSACTION
control field 20180713220210.0
008 - FIXED-LENGTH DATA ELEMENTS--GENERAL INFORMATION
fixed length control field 140415s1989 000 0 spa d
020 ## - INTERNATIONAL STANDARD BOOK NUMBER
International Standard Book Number 0521378117
041 ## - LANGUAGE CODE
Language code of text/sound track or separate title spa
082 ## - DEWEY DECIMAL CLASSIFICATION NUMBER
Classification number 418
Item number LIN
245 00 - TITLE STATEMENT
Title LINGUISTIC PERSPECTIVES ON SECOND LANGUAGE ACQUISITION
260 ## - PUBLICATION, DISTRIBUTION, ETC.
Place of publication, distribution, etc. [s.l.] :
Name of publisher, distributor, etc. CAMBRIDGE UNIVERSITY PRESS,
Date of publication, distribution, etc. 1989
300 ## - PHYSICAL DESCRIPTION
Extent 296
650 14 - SUBJECT ADDED ENTRY--TOPICAL TERM
Topical term or geographic name entry element LINGUISTICA
General subdivision LINGUISTICA APLICADA
Existencias
Withdrawn status Lost status Source of classification or shelving scheme Damaged status Not for loan Collection code Home library Current library Shelving location Date acquired Source of acquisition Inventory number Total Checkouts Full call number Barcode Date last seen Date last checked out Price effective from Koha item type
    Dewey Decimal Classification     General Biblioteca Karol Wojtyla Biblioteca Karol Wojtyla Sala general 03/12/2013 Compra 151000000000000000042283   418 LIN 42836 05/01/2026 04/06/2015 03/12/2013 Libro